[Event "HUN-chT U18"]
[Site "Miskolc"]
[Date "2010.11.05"]
[Round "7.2"]
[White "Tesik, Csaba"]
[Black "Veszpremi, Andras"]
[Result "1/2-1/2"]
[WhiteElo "2259"]
[BlackElo "2269"]
[PlyCount "132"]
[EventDate "2010.11.02"]
[EventType "team-swiss"]
[EventRounds "8"]
[EventCountry "HUN"]
[SourceTitle "EXT 2016"]
[Source "ChessBase"]
[SourceDate "2015.10.08"]
[SourceVersion "1"]
[SourceVersionDate "2015.10.08"]
[SourceQuality "1"]

1. e4 c5 2. Nf3 d6 3. d4 cxd4 4. Nxd4 Nf6 5. Nc3 g6 6. Be3 Bg7 7. f3 a6 8. Qd2 Nbd7 9. 0-0-0 b5 10. g4 Bb7 11. h4 h5 12. g5 Nh7 13. Kb1 0-0 14. Bh3 Nb6 15. Qf2 Nc4 16. Bc1 e6 17. Rhe1 Qc7 18. f4 e5 19. fxe5 Nxe5 20. Nd5 Bxd5 21. exd5 Rfe8 22. Bf4 Nc4 23. Rxe8+ Rxe8 24. Qf3 Nf8 25. Bc1 Nd7 26. Nc6 Nde5 27. Nxe5 Nxe5 28. Qf4 a5 29. Be3 a4 30. Bd4 b4 31. Rc1 Rb8 32. Bf1 Qb7 33. Qe4 Rc8 34. Be2 b3 35. a3 bxc2+ 36. Rxc2 Rxc2 37. Kxc2 Qb3+ 38. Kc1 Qg3 39. Bb5 Qb3 40. Be2 Kh7 41. Bc3 Qb6 42. Bxh5 Nd7 43. Bxg7 Kxg7 44. Bd1 Qc5+ 45. Kb1 Nb6 46. Bxa4 Nxd5 47. Bb3 Ne3 48. Ka2 Qa7 49. h5 gxh5 50. Qh4 Nf5 51. Qxh5 Qe7 52. Qg4 Qe5 53. Qc4 Kg6 54. Qxf7+ Kxg5 55. Qg8+ Kf4 56. Qg2 Nd4 57. Qf2+ Kg5 58. Qd2+ Kf6 59. a4 Ke7 60. Qb4 Qc5 61. Qxc5 dxc5 62. Bc4 Kd6 63. b3 Kc7 64. Kb2 Kb6 65. Kc3 Nc6 66. Bd5 Ne5 1/2-1/2

[Event "HUN-chT U18"]
[Site "Miskolc"]
[Date "2010.11.04"]
[Round "5.2"]
[White "Prohaszka, Peter"]
[Black "Veszpremi, Andras"]
[Result "1-0"]
[WhiteElo "2536"]
[BlackElo "2269"]
[PlyCount "87"]
[EventDate "2010.11.02"]
[EventType "team-swiss"]
[EventRounds "8"]
[EventCountry "HUN"]
[SourceTitle "EXT 2016"]
[Source "ChessBase"]
[SourceDate "2015.10.08"]
[SourceVersion "1"]
[SourceVersionDate "2015.10.08"]
[SourceQuality "1"]

1. d4 g6 2. e4 Bg7 3. c4 d6 4. Nc3 Nc6 5. Be3 e5 6. d5 Nd4 7. Nge2 Nxe2 8. Bxe2 Ne7 9. Qd2 f5 10. f3 f4 11. Bf2 Bd7 12. c5 0-0 13. 0-0-0 Nc8 14. Bb5 a6 15. Bxd7 Qxd7 16. Kb1 dxc5 17. Bxc5 Nd6 18. Rc1 b6 19. Bxd6 Qxd6 20. Rhd1 Rf7 21. Na4 Bf8 22. Rc6 Qd7 23. b3 Bd6 24. Nb2 Bc5 25. Nd3 Bd4 26. Qc1 g5 27. h4 Qd8 28. Re6 Re7 29. Qc6 Rg7 30. h5 g4 31. Nxe5 Bxe5 32. Rxe5 gxf3 33. gxf3 a5 34. Rf5 a4 35. b4 Rb8 36. Qe6+ Kh8 37. Rxf4 c5 38. d6 cxb4 39. h6 Rg6 40. Qe5+ Kg8 41. d7 Rxh6 42. Rg4+ Rg6 43. Rxg6+ hxg6 44. Qxb8 1-0

[Event "HUN-chT U18"]
[Site "Miskolc"]
[Date "2010.11.03"]
[Round "3.2"]
[White "Mihok, Oliver"]
[Black "Veszpremi, Andras"]
[Result "1-0"]
[WhiteElo "2461"]
[BlackElo "2269"]
[PlyCount "125"]
[EventDate "2010.11.02"]
[EventType "team-swiss"]
[EventRounds "8"]
[EventCountry "HUN"]
[SourceTitle "EXT 2016"]
[Source "ChessBase"]
[SourceDate "2015.10.08"]
[SourceVersion "1"]
[SourceVersionDate "2015.10.08"]
[SourceQuality "1"]

1. e4 c5 2. Nf3 d6 3. d4 cxd4 4. Nxd4 Nf6 5. Nc3 g6 6. Be3 Bg7 7. f3 a6 8. Qd2 Nbd7 9. 0-0-0 b5 10. g4 Bb7 11. h4 h5 12. g5 Nh7 13. Kb1 0-0 14. Bh3 Nb6 15. Qf2 Nc4 16. Bc1 Re8 17. Rhe1 Nf8 18. Nd5 e6 19. Ne3 Qb6 20. c3 Rec8 21. Nxc4 Rxc4 22. Be3 Qc7 23. Bf1 Ra4 24. Bd3 d5 25. Bc2 dxe4 26. Bxa4 bxa4 27. f4 a3 28. Nb3 axb2 29. Bd4 Bxd4 30. cxd4 Bd5 31. Rd2 Nd7 32. Rc2 Qd6 33. Nc5 Nb6 34. Nxe4 Qa3 35. Nf6+ Kg7 36. Nxd5 Nxd5 37. Rxb2 Qd3+ 38. Ka1 Rc8 39. Qd2 Qf5 40. Qe2 Qxf4 41. Qe5+ Qxe5 42. dxe5 Rc4 43. Rf2 Ne7 44. Ref1 Nf5 45. Rf4 Rc5 46. Re1 a5 47. Kb2 Kf8 48. Kb3 Ne7 49. Rc4 Rd5 50. Ree4 Nf5 51. Rc8+ Ke7 52. Rc7+ Kf8 53. Ra7 Nd4+ 54. Ka4 Nb5 55. Ra8+ Ke7 56. Rc4 Rxe5 57. Rxa5 Nd6 58. Rxe5 Nxc4 59. Rc5 Nb6+ 60. Kb5 Nd7 61. Rc1 f5 62. gxf6+ Nxf6 63. a4 1-0

[Event "HUN-chT U18"]
[Site "Miskolc"]
[Date "2010.11.03"]
[Round "2.7"]
[White "Veszpremi, Andras"]
[Black "Dankovics, Attila"]
[Result "1-0"]
[WhiteElo "2269"]
[BlackElo "1998"]
[PlyCount "107"]
[EventDate "2010.11.02"]
[EventType "team-swiss"]
[EventRounds "8"]
[EventCountry "HUN"]
[SourceTitle "EXT 2016"]
[Source "ChessBase"]
[SourceDate "2015.10.08"]
[SourceVersion "1"]
[SourceVersionDate "2015.10.08"]
[SourceQuality "1"]

1. e4 c5 2. Nf3 d6 3. d4 cxd4 4. Nxd4 Nf6 5. Nc3 a6 6. Be3 e5 7. Nf3 Be7 8. Bc4 0-0 9. h3 Nbd7 10. a4 Nb6 11. Bb3 Qc7 12. Qe2 a5 13. 0-0 Bd7 14. Rad1 Bc6 15. Nd2 Rad8 16. Nb5 Bxb5 17. Qxb5 Nbd7 18. c3 Ra8 19. Bd5 Nxd5 20. exd5 f5 21. f3 Bh4 22. Nc4 f4 23. Bf2 Bxf2+ 24. Rxf2 Rfc8 25. Nd2 Ra6 26. Ne4 Nc5 27. Nxc5 Qxc5 28. Qd7 Rb6 29. Rdd2 Rb3 30. Kh2 Rf8 31. Rfe2 h6 32. Qe7 b6 33. Qe6+ Kh7 34. Qd7 Rf6 35. Re4 Rf8 36. Qa7 Qc8 37. Qe7 Rf6 38. Kh1 Rg6 39. Qh4 Rg3 40. Kh2 Qc7 41. Qh5 Rg5 42. Qe8 Qc5 43. Qd7 Kh8 44. Qc6 Kh7 45. Rde2 Rg6 46. Rc4 Qe3 47. Rxe3 fxe3 48. g4 h5 49. Kg3 Rxb2 50. Re4 h4+ 51. Kxh4 Rg2 52. Rxe3 Kh6 53. Qc8 R6xg4+ 54. hxg4 1-0

[Event "HUN-chT2 Charousek 1011"]
[Site "Hungary"]
[Date "2010.10.24"]
[Round "4"]
[White "Veszpremi, Andras"]
[Black "Fancsy, Imre"]
[Result "1/2-1/2"]
[WhiteElo "2270"]
[BlackElo "2399"]
[PlyCount "72"]
[EventDate "2010.09.12"]
[EventType "team-tourn"]
[EventRounds "11"]
[EventCountry "HUN"]
[SourceTitle "EXT 2012"]
[Source "ChessBase"]
[SourceDate "2011.11.24"]
[SourceVersion "1"]
[SourceVersionDate "2011.11.24"]
[SourceQuality "1"]
[WhiteTeam "Decs II"]
[BlackTeam "Balatonfuered"]
[WhiteTeamCountry "HUN"]
[BlackTeamCountry "HUN"]

1. e4 c5 2. Nf3 e6 3. d4 cxd4 4. Nxd4 a6 5. c4 Nf6 6. Nc3 Bb4 7. Qc2 0-0 8. Be2 Qc7 9. 0-0 Bxc3 10. bxc3 d6 11. Rd1 Nbd7 12. Nb3 b6 13. Ba3 Nc5 14. Nxc5 bxc5 15. Bc1 Bb7 16. Bf3 h6 17. Rb1 Bc6 18. Bf4 e5 19. Be3 Rfb8 20. h3 Kf8 21. g4 Rxb1 22. Qxb1 Rb8 23. Qd3 Ne8 24. Bg2 Rb2 25. Rd2 Qb7 26. f4 f6 27. g5 Rxd2 28. Bxd2 hxg5 29. fxe5 fxe5 30. Bxg5 Qf7 31. h4 Bd7 32. Bf3 Be6 33. Be2 Qg6 34. Kf2 Bf7 35. Ke1 Qe6 36. Kd2 Nc7 1/2-1/2

[Event "Oberwart op"]
[Site "Oberwart"]
[Date "2010.07.18"]
[Round "9"]
[White "Liedl, Wolfgang"]
[Black "Veszpremi, Andras"]
[Result "1/2-1/2"]
[WhiteElo "2183"]
[BlackElo "2272"]
[PlyCount "82"]
[EventDate "2010.07.10"]
[EventType "swiss"]
[EventRounds "9"]
[EventCountry "AUT"]
[SourceTitle "CBM 137 Extra"]
[Source "ChessBase"]
[SourceDate "2010.09.01"]
[SourceVersion "1"]
[SourceVersionDate "2010.09.01"]
[SourceQuality "1"]

1. d4 Nf6 2. c4 g6 3. Nc3 Bg7 4. e4 d6 5. Nf3 0-0 6. h3 c5 7. d5 e6 8. Bd3 exd5 9. cxd5 Re8 10. 0-0 Na6 11. Re1 Nc7 12. Bf4 Rb8 13. a4 a6 14. a5 b5 15. axb6 Rxb6 16. Qc2 Nb5 17. Na4 Rb7 18. Nc3 Nh5 19. Bh2 Qb6 20. e5 dxe5 21. Na4 Qd8 22. Qxc5 Rd7 23. Nb6 Rc7 24. Qb4 Bb7 25. Bxb5 axb5 26. Qxb5 Rce7 27. Rad1 e4 28. Nd4 e3 29. f3 Be5 30. Bxe5 Rxe5 31. Ne2 Qh4 32. Nc4 Qf2+ 33. Kh2 Ba6 34. Qxa6 Rg5 35. Rg1 Ng3 36. Nxe3 Rxe3 37. Qc8+ Kg7 38. Nxg3 Qxg3+ 39. Kh1 Rxf3 40. gxf3 Qxf3+ 41. Kh2 Qf2+ 1/2-1/2

[Event "Oberwart op"]
[Site "Oberwart"]
[Date "2010.07.15"]
[Round "6"]
[White "Veszpremi, Andras"]
[Black "Mahdy, Khaled"]
[Result "0-1"]
[WhiteElo "2272"]
[BlackElo "2395"]
[PlyCount "112"]
[EventDate "2010.07.10"]
[EventType "swiss"]
[EventRounds "9"]
[EventCountry "AUT"]
[SourceTitle "CBM 137 Extra"]
[Source "ChessBase"]
[SourceDate "2010.09.01"]
[SourceVersion "1"]
[SourceVersionDate "2010.09.01"]
[SourceQuality "1"]

1. e4 e5 2. Nf3 Nc6 3. Bb5 a6 4. Ba4 Nf6 5. d4 exd4 6. 0-0 Be7 7. e5 Ne4 8. Re1 Nc5 9. Bxc6 dxc6 10. Nxd4 0-0 11. Nc3 f5 12. f4 Qe8 13. Be3 Ne6 14. Qf3 Nxd4 15. Bxd4 Be6 16. Rad1 Qf7 17. Bf2 Rad8 18. a3 h6 19. b4 Kh7 20. Rxd8 Rxd8 21. Rd1 Ra8 22. Be3 Qf8 23. Na4 a5 24. Nc5 Bd5 25. Qh5 axb4 26. axb4 b6 27. Nd7 Qf7 28. Qxf7 Bxf7 29. Nxb6 cxb6 30. Rd7 Re8 31. Bxb6 Be6 32. Rc7 Bd5 33. Ba5 Kg8 34. Kf2 Kf8 35. g3 Ra8 36. c4 Bxc4 37. Rxc6 Bd5 38. Rc2 Rb8 39. Rb2 Rc8 40. Ke3 Kf7 41. Bb6 Rc4 42. Ba5 g5 43. b5 gxf4+ 44. gxf4 Bc5+ 45. Kd3 Rxf4 46. Bd2 Rh4 47. b6 Rh3+ 48. Kc2 Bb7 49. Bf4 Rh4 50. Rb5 Be7 51. Bg3 Rb4 52. Rxb4 Bxb4 53. Bf2 Bd5 54. Kd3 Ke6 55. Kd4 Ba3 56. Be3 h5 0-1